Drużyny PGE Ekstraligi w Żużlu - Sezon 2019 - Statystyki

Ogólne statystyki
  • Ten quiz został rozwiązany 808 razy
  • Średni wynik to 7 z 8
Statystyki odpowiedzi
Sezony w Ekstralidze Klub % Poprawnych
2000-19 Fogo Unia Leszno
92%
2000-02, 2008-19 Truly.work Stal Gorzów
89%
2000-19 Betard Sparta Wrocław
87%
2001, 2003-05, 2007-19 Stelmet Falubaz Zielona Góra
87%
2000-19 Get Well Toruń
85%
2019 Speed Car Motor Lublin
84%
2000-14, 2017-19 forBET Włókniarz Częstochowa
79%
2015-19 MRGARDEN GKM Grudziądz
78%
Nie znaleziono quizów pasujących do podanych kryteriów
Rozkład punktacji
Procent ludzi z każdym wynikiem
Percentyl według liczby udzielonych odpowiedzi
Twoja historia wyników
Nie rozwiązałeś tego quizu